Southville International School and Colleges
Your cart is empty.
  • Cart
  • Lists
    Public lists Eva Luna New books Lux_list list_1
    Your lists Log in to create your own lists
  • Log in to your account
  • Your cookies
  • Search history
Southville International School and Colleges
  • Advanced search
  • Recent comments
  • Most popular
  • Libraries

Log in to your account

Log in with GOOGLE


If you do not have an external account, but do have a local account, you can still log in:

  1. Home
  2. MARC view: Understanding the bible /
Normal view MARC view ISBD view

Understanding the bible / (Record no. 10398)

[ view plain ]
MARC details
000 -LEADER
fixed length control field 00475nam a22001697a 4500
003 - CONTROL NUMBER IDENTIFIER
control field OSt
005 - DATE AND TIME OF LATEST TRANSACTION
control field 20140310182208.0
008 - FIXED-LENGTH DATA ELEMENTS--GENERAL INFORMATION
fixed length control field 130905t xxu||||| |||| 00| 0 eng d
050 ## - LIBRARY OF CONGRESS CALL NUMBER
Classification number BS 592
Item number .W684 1972
082 ## - DEWEY DECIMAL CLASSIFICATION NUMBER
Classification number HS 220.07
Item number W63 1972
100 ## - MAIN ENTRY--PERSONAL NAME
Personal name Wilkins, Ronald
9 (RLIN) 16615
245 ## - TITLE STATEMENT
Title Understanding the bible /
Remainder of title Ronald Wilkins
260 ## - PUBLICATION, DISTRIBUTION, ETC. (IMPRINT)
Place of publication, distribution, etc USA :
Name of publisher, distributor, etc C. Brown Company Publishers,
Date of publication, distribution, etc c1972.
300 ## - PHYSICAL DESCRIPTION
Extent vii, 118 p. :
Other physical details ill. ;
Dimensions 23 cm.
942 ## - ADDED ENTRY ELEMENTS (KOHA)
Source of classification or shelving scheme Library of Congress Classification
Koha item type
Holdings
Withdrawn status Lost status Source of classification or shelving scheme Damaged status Home library Current library Shelving location Date acquired Total Checkouts Full call number Barcode Date last seen Copy number Price effective from Koha item type
    Library of Congress Classification   Luxembourg Library Luxembourg Library High School Section 09/05/2013   BS 592 .W684 1972 8898 09/05/2013 1 09/05/2013 Books

Understanding the bible /

APA

Wilkins R., . (1972). Understanding the bible. USA: C. Brown Company Publishers.

Chicago

Wilkins Ronald, . 1972. Understanding the bible. USA: C. Brown Company Publishers.

Harvard

Wilkins R., . (1972). Understanding the bible. USA: C. Brown Company Publishers.

MLA

Wilkins Ronald, . Understanding the bible. USA: C. Brown Company Publishers. 1972.

  • Place hold
  • Print
  • Cite
  • Add to your cart (remove)
  • Save record
    BIBTEX Dublin Core MARCXML MARC (non-Unicode/MARC-8) MARC (Unicode/UTF-8) MARC (Unicode/UTF-8, Standard) MODS (XML) RIS
  • More searches
    Search for this title in:
    Other Libraries (WorldCat) Other Databases (Google Scholar) Online Stores (Bookfinder.com) Open Library (openlibrary.org)

Exporting to Dublin Core...

SOUTHVILLE LIBRARY

Southville International School and Colleges Library

1281 Tropical Ave. Cor. Luxembourg St., BF Homes International, Las Pinas City

Tel. No. 8256374 / 252358 Loc. 117/146

Powered by Koha